1918 1789 1783 1704 1462 1508 1374 1585 1788 1365 1032 1798 1232 1849 1753 1907 1528 1014 1318 1952 1427 1824 1192 1845 1777 1077 1634 1198 1753 1841 1790 1174 1442 1629 1909 1540 1039 1136 1772 1212 1190 1357 1164 1691 1603 1422 1279 1711 1786 1482 1920 1029 1385 1191 1146 1706 1693 1161 1618 1774 1384 1614 1792 1384 1665 1272 1888 1544 1467 1430 1139 1952 1199 1689 1965 1037 1658 1012 1977 1028 1262 1226 1602 1423 1506 1683 1990 1477 1747 1005 1628 1061 1695 1737 1470 1313 1064 1882 1310 BCNSPRNW ULIB Ver.6.0+V

เปลี่ยนเป็นภาษาไทย

Change to English
 แสดงรายละเอียดบรรณานุกรม
  กลับหน้าหลัก

Brief Record : Get Marc (ISO 2709) : E-mail record : QR code < ปิดหน้าต่าง
LEADER : 00000nam 2200000uu 4500
001    13399113033
003     ULIB
008    110922s2553||||th 000 0 tha d
020    9789746724814
060 04 QS4^bผ381ต 2553
100 0  ผาสุก มหรรฆานุเคราะห์
245 00 ตำรากายวิภาคศาสตร์ทั่วไป =^bGeneral anatomy /^cเรียบเรียงโดย คณาจารย์ภาควิชากายวิภาคศาสตร์ คณะแพทยศาสตร์ มหาวิทยาลัยเชียงใหม่ ; บรรณาธิการ, ผาสุก มหรรฆานุเคราะห์
246 31 General anatomy
250    พิมพ์ครั้งที่ 1
260    เชียงใหม่ :^bภาควิชากายวิภาคศาสตร์ คณะแพทยศาสตร์ มหาวิทยาลัยเชียงใหม่,^c2553
300    [12], 501 หน้า :^bภาพประกอบ ;^c27 ซม.
650  4 กายวิภาคศาสตร์
650  4 สรีรวิทยา
710 2  มหาวิทยาลัยเชียงใหม่. ^bคณะแพทยศาสตร์.^bภาควิชากายวิภาคศาสตร์
710 2  คณาจารย์ภาควิชากายวิภาคศาสตร์ คณะแพทยศาสตร์ มหาวิทยาลัยเชียงใหม่
945    ^p290^l0^i18618
945    ^p290^l0^i18619
945    ^p290^l0^i18620
945    ^p290^l0^i18621
945    ^p290^l0^i18622
945    ^p290^l0^i18623
945    ^p290^l0^i18624
995    กัณชพร
999    ^aทศพร
รายการนี้ยังไม่มีแท็ก
คุณยังไม่ได้ล็อกอิน คุณสามารถมีกิจกรรมร่วมกับเว็บไซต์ได้ แต่ต้องล็อกอินก่อน ::
  ล็อกอิน

รายการสื่อสารสนเทศ

ลำดับที่ ประเภท เลขเรียก/บาร์โค้ด สถานที่ สถานะ
1. วิทยาศาสตร์การแพทย์ และสุขภาพ
วิทยาศาสตร์การแพทย์ และสุขภาพ
สถานะ=หนังสือเก่า
QS4 ผ381ต 2553  
  Barcode: 18618
ห้องสมุดวิทยาเขตนครสวรรค์
►ส่วนจัดเก็บหนังสือเก่า นว.
บนชั้น
  ขอยืม
2. วิทยาศาสตร์การแพทย์ และสุขภาพ
วิทยาศาสตร์การแพทย์ และสุขภาพ
QS4 ผ381ต 2553 ฉ.2 
  Barcode: 18619
ห้องสมุดวิทยาเขตนครสวรรค์
►ส่วนจัดเก็บหนังสือเก่า นว.
บนชั้น
  ขอยืม
3. วิทยาศาสตร์การแพทย์ และสุขภาพ
วิทยาศาสตร์การแพทย์ และสุขภาพ
QS4 ผ381ต 2553 ฉ.3 
  Barcode: 18620
ห้องสมุดวิทยาเขตนครสวรรค์
►ส่วนจัดเก็บหนังสือเก่า นว.
บนชั้น
  ขอยืม
4. วิทยาศาสตร์การแพทย์ และสุขภาพ
วิทยาศาสตร์การแพทย์ และสุขภาพ
สถานะ=หนังสือเก่า
QS4 ผ381ต 2553 ฉ.4 
  Barcode: 18621
ห้องสมุดวิทยาเขตนครสวรรค์
►ส่วนจัดเก็บหนังสือเก่า นว.
บนชั้น
  ขอยืม
5. วิทยาศาสตร์การแพทย์ และสุขภาพ
วิทยาศาสตร์การแพทย์ และสุขภาพ
QS4 ผ381ต 2553 ฉ.5 
  Barcode: 18622
ห้องสมุดวิทยาเขตนครสวรรค์
►ส่วนจัดเก็บหนังสือเก่า นว.
บนชั้น
  ขอยืม
6. วิทยาศาสตร์การแพทย์ และสุขภาพ
วิทยาศาสตร์การแพทย์ และสุขภาพ
QS4 ผ381ต 2553 ฉ.6 
  Barcode: 18623
ห้องสมุดวิทยาเขตนครสวรรค์
►ส่วนจัดเก็บหนังสือเก่า นว.
บนชั้น
  ขอยืม
7. วิทยาศาสตร์การแพทย์ และสุขภาพ
วิทยาศาสตร์การแพทย์ และสุขภาพ
QS4 ผ381ต 2553 ฉ.7 
  Barcode: 18624
ห้องสมุดวิทยาเขตนครสวรรค์
►ส่วนจัดเก็บหนังสือเก่า นว.
บนชั้น
  ขอยืม

รายการใกล้เคียง
    ผู้แต่ง [ผาสุก มหรรฆานุเคราะห์]

    หัวเรื่อง [กายวิภาคศาสตร์]
    หัวเรื่อง [สรีรวิทยา]

BibComment


ยังไม่เคยถูกคอมเมนท์

คอมเมนท์ทรัพยากรรายการนี้
  คอมเมนท์: ตำรากายวิภาคศาสตร..


 Copyright 2026. Bcnsprnw @Library